Amnesty International Report 1988. (Record no. 358)

MARC details
005 - DATE AND TIME OF LATEST TRANSACTION
control field 20250620135810.0
020 ## - INTERNATIONAL STANDARD BOOK NUMBER
International Standard Book Number 0-86210-143-3
082 ## - DEWEY DECIMAL CLASSIFICATION NUMBER
Classification number 323.4 AMN
111 ## - MAIN ENTRY--MEETING NAME
Meeting name or jurisdiction name as entry element AMNESTY INTERNATIONAL
245 ## - TITLE STATEMENT
Title Amnesty International Report 1988.
260 ## - PUBLICATION, DISTRIBUTION, ETC.
Place of publication, distribution, etc. London,
Name of publisher, distributor, etc. Amnesty International Publications,
Date of publication, distribution, etc. 1988.
300 ## - PHYSICAL DESCRIPTION
Extent viii, 278p.: map
Dimensions 23cm.
942 ## - ADDED ENTRY ELEMENTS (KOHA)
Source of classification or shelving scheme Dewey Decimal Classification
Koha item type Books
Holdings
Date last seen Total checkouts Full call number Barcode Cost, replacement price Price effective from Koha item type Lost status Source of classification or shelving scheme Damaged status Not for loan Withdrawn status Home library Current library Shelving location Date acquired Cost, normal purchase price
03/11/2025   323.4 AMN 0000001202 75000.00 03/11/2025 Books   Dewey Decimal Classification       College of Business Education Main Library College of Business Education Main Library General Collection 03/11/2025 25000.00